La reforma de los sistemas fiscales y su tratamiento en el XXV Congreso del IIFP (Registro nro. 27770)

Detalles MARC
000 -LEADER
fixed length control field 00367 a2200109 4500
001 - CONTROL NUMBER
control field ART_19403
005 - DATE AND TIME OF LATEST TRANSACTION
control field 20260410161922.0
008 - FIXED-LENGTH DATA ELEMENTS--GENERAL INFORMATION
fixed length control field 260409a
100 1# - MAIN ENTRY--PERSONAL NAME
Personal name Reig, Enrique Jorge
245 10 - TITLE STATEMENT
Title La reforma de los sistemas fiscales y su tratamiento en el XXV Congreso del IIFP
773 0# - HOST ITEM ENTRY
Title La información
Related parts - Tomo XLI, Nº 603 (mar. 1980)
Record control number REV14902

No hay ítems disponibles.